Online
Catalog

El visitante nocturno : (Record no. 7549)

MARC details
000 -CABECERA
campo de control de longitud fija 01212cam a2200313 a 4500
001 - NÚMERO DE CONTROL
campo de control 000007771
005 - FECHA Y HORA DE LA ÚLTIMA TRANSACCIÓN
campo de control 20200929154308.0
008 - DATOS DE LONGITUD FIJA--INFORMACIÓN GENERAL
campo de control de longitud fija 740111s1970 mx 000 0 spa
035 ## - NÚMERO DE CONTROL DEL SISTEMA
Número de control de sistema (OCoLC)774305
040 ## - FUENTE DE LA CATALOGACIÓN
Centro catalogador/agencia de origen DO-SdBNP
Centro/agencia transcriptor OT
Centro/agencia modificador PP
-- CoP
-- WU
-- DLC
041 17 - CÓDIGO DE LENGUA
Código de lengua del texto/banda sonora o título independiente spa
Código de lengua original eng
Fuente del código codigo idioma Marc
082 ## - NÚMERO DE LA CLASIFICACIÓN DECIMAL DEWEY
Número de clasificación M863.44
Número de documento/Ítem T779v, 1970
049 ## - FONDOS LOCALES (OCLC)
Fondos de biblioteca BNGR
100 1# - ENTRADA PRINCIPAL--NOMBRE DE PERSONA
Nombre de persona Traven, B.
Fechas asociadas al nombre 1882-1969
Forma completa/desarrollada del nombre (Bruno Traven)
9 (RLIN) 21469
240 10 - TÍTULO UNIFORME
Título uniforme The night visitor and other stories.
Lenguaje de la obra Spanish.
245 13 - MENCIÓN DE TÍTULO
Título El visitante nocturno :
Resto del título y otros cuentos /
Mención de responsabilidad, etc. B. Traven ; traductora Rosa Elena Luján.
250 ## - MENCIÓN DE EDICIÓN
Mención de edición 3a impresión
260 ## - PUBLICACIÓN, DISTRIBUCIÓN, ETC.
Lugar de publicación, distribución, etc. México :
Nombre del editor, distribuidor, etc. Diana,
Fecha de publicación, distribución, etc. 1970.
300 ## - DESCRIPCIÓN FÍSICA
Extensión 190 p. ;
Dimensiones 22 cm.
490 1# - MENCIÓN DE SERIE
Mención de serie Novelistas mexicanos
Designación de volumen o secuencia 4
500 ## - NOTA GENERAL
Nota general Traducción de El visitante nocturno, y otras historias.
505 0# - NOTA DE CONTENIDO CON FORMATO
Nota de contenido con formato El visitante nocturno -- El arreo -- Nació un nuevo dios -- La conversión de los indios -- La creación de los dos soles.
534 ## - NOTA SOBRE LA VERSIÓN ORIGINAL
Encabezamiento principal del original Título original
Mención de título del original The night visitor and other stories.
650 #4 - PUNTO DE ACCESO ADICIONAL DE MATERIA--TÉRMINO DE MATERIA
Término de materia o nombre geográfico como elemento de entrada Novela mexicana
9 (RLIN) 3959
650 #4 - PUNTO DE ACCESO ADICIONAL DE MATERIA--TÉRMINO DE MATERIA
Término de materia o nombre geográfico como elemento de entrada Literatura mexicana
9 (RLIN) 1922
700 1# - PUNTO DE ACCESO ADICIONAL--NOMBRE DE PERSONA
Nombre de persona Luján, Rosa Elena
Término indicativo de función/relación tr.
9 (RLIN) 21470
830 #0 - PUNTO DE ACCESO ADICIONAL DE SERIE-TÍTULO UNIFORME
Título uniforme Novelistas mexicanos ;
Designación de volumen o secuencia 4
9 (RLIN) 17833
910 ## - DATOS DE OPCIÓN DEL USUARIO (OCLC)
Datos de opción del usuario Catalogación por copia / LC
Holdings
Estado de retiro Estado de pérdida Restricciones de uso No para préstamo Código de colección Localización permanente Ubicación/localización actual Ubicación en estantería Fecha de adquisición Número de inventario Total de préstamos Signatura topográfica completa Código de barras Fecha visto por última vez Precio válido a partir de Tipo de ítem Koha
    Préstamo interno   Monografías: Libros y Folletos General General En catalogación 10.09.2009 LF1   M863.44 T779v, 1970 7771-10 25.06.2020 25.06.2020 Préstamo interno

Powered by Koha